Model Specific Logos Quiz - Statistics

General Stats
  • This quiz has been taken 154 times
  • The average score is 6 of 10
Answer Stats
Picture Answer % Correct
Mustang
98%
RAM
90%
Corvette
88%
Shelby
86%
Skyline
73%
Abarth
65%
Viper
62%
Impala
37%
Equus
8%
Montecarlo
8%
No matching quizzes found
Score Distribution
Percent of People with Each Score
Percentile by Number Answered
Your Score History
You have not taken this quiz